000 00831nam a2200265 a 4500
005 20200104041539.0
008 140310b2001 ck ||||gr|||| 00| 0 spa d
040 _aCO-BoIAVH
_cCO-BoIAVH
041 0 _aspa
044 _ack
082 0 4 _a 631.5
_bP15a
100 1 _aPalacios Lozano , María Teresa
245 1 3 _aLa agricultura ecológica y la Red Nacional de Agricultura Ecológica
260 _aBogotá :
_bREDAE,
_c2001.
300 _a32 paginas :
_c27 x 21 cm
650 4 _aAgricultura orgánica
650 4 _aDesarrollo sostenible
650 4 _aCertificación ambiental
650 4 _aTransferencia tecnológica
650 4 _aAgricultura ecológica
650 4 _aMercados verdes
662 _aColombia
700 1 _aEspinosa, Juan Antonio
942 _cLIBRO
_2ddc
999 _c3248
_d3248